Current research in Egyptology 2021 : proceedings of the Twenty-First Annual Symposium, University of the Aegean, 9-16 May 2021 /
15 Egyptological and Papyrological papers investigate a great variety of issues, including social and religious aspects of life in ancient Egypt, ritual and magic, language and literature, ideology of death, demonology, the iconographical tradition, and intercultural relations, ranging chronological...
مؤلف مشترك:
مؤلفون آخرون: ,
التنسيق: وقائع المؤتمر كتاب الكتروني
اللغة: English
منشور في:
Summertown, Oxford :
Archaeopress Publishing Ltd,
[2022]
سلاسل:
Access archaeology.
الموضوعات:
الوصول للمادة أونلاين: Login to view Source
الوسوم: إضافة وسم
رقم الطلب: DT60
| LEADER | 02288nam a2200481 i 4500 | ||
|---|---|---|---|
| 001 | EDZ0002890058 | ||
| 003 | StDuBDS | ||
| 005 | 20230412183400.0 | ||
| 006 | m|||||o||d|||||||| | ||
| 007 | cr ||||||||||| | ||
| 008 | 220920t20222022enka fob 100|0|eng|d | ||
| 020 | |a 9781803273778 (PDF ebook) : |c No price | ||
| 040 | |a StDuBDS |b eng |c StDuBDS |e rda |e pn | ||
| 050 | 4 | |a DT60 | |
| 082 | 0 | 4 | |a 932 |2 23 |
| 111 | 2 | |a Current Research in Egyptology Symposium |n (21st : |d 2021 : |c University of the Aegean), |j creator. | |
| 245 | 1 | 0 | |a Current research in Egyptology 2021 : |b proceedings of the Twenty-First Annual Symposium, University of the Aegean, 9-16 May 2021 / |c edited by Electra Apostola and Christos Kekes. |
| 264 | 1 | |a Summertown, Oxford : |b Archaeopress Publishing Ltd, |c [2022] | |
| 264 | 4 | |c ©2022 | |
| 300 | |a 1 online resource (xvi, 248 pages) : |b illustrations (black and white, and colour). | ||
| 336 | |a text |2 rdacontent | ||
| 336 | |a still image |2 rdacontent | ||
| 337 | |a computer |2 rdamedia | ||
| 338 | |a online resource |2 rdacarrier | ||
| 490 | 1 | |a Access archaeology | |
| 500 | |a Also issued in print: 2022. | ||
| 500 | |a Selected conference papers. | ||
| 504 | |a Includes bibliographical references. | ||
| 506 | 0 | |a Open access. | |
| 520 | 8 | |a 15 Egyptological and Papyrological papers investigate a great variety of issues, including social and religious aspects of life in ancient Egypt, ritual and magic, language and literature, ideology of death, demonology, the iconographical tradition, and intercultural relations, ranging chronologically from the Prehistoric to the Coptic period. | |
| 521 | |a Specialized. | ||
| 588 | |a Description based on online resource; title from PDF title page (viewed on September 22, 2022). | ||
| 650 | 0 | |a Egyptology |v Congresses. | |
| 651 | 0 | |a Egypt |x Antiquities |v Congresses. | |
| 651 | 0 | |a Egypt |x History |y To 332 B.C. |v Congresses. | |
| 700 | 1 | |a Apostola, Electra, |e editor. | |
| 700 | 1 | |a Kekes, Christos, |e editor. | |
| 776 | 0 | 8 | |i Print version : |z 9781803273761 |
| 830 | 0 | |a Access archaeology. | |
| 856 | 4 | 0 | |u http://library.arce.org:8087/Archaeopress/Products/9781803273761 |
| 942 | |2 lcc |c EBOOK | ||
| 952 | |0 0 |1 0 |4 0 |6 DT0060 |7 1 |9 46968 |a ARCH |b ARCH |d 2023-04-12 |l 0 |o DT60 |r 2023-04-12 00:00:00 |w 2023-04-12 |y EBOOK | ||
| 999 | |c 52626 |d 52626 | ||
